Bilecik Bilecik Bilecik Bilecik Bilecik

Seçilmiş Terör= derin devlet - provakasyonlar: siyasi cinayetlerin perde arkası/ (Record no. 4288)

MARC details
000 -BAŞLIK
Sabit Uzunluktaki Kontrol Alanı 00987nam a22003257a 4500
001 - KONTROL NUMARASI
Control Dosyası 0004306
003 - KONTROL NUMARASI KİMLİĞİ
Kontrol Alanı KOHA_MİRAKIL
005 - EN SON İŞLEM TARİHİ ve ZAMANI
Kontrol Alanı 20260207001407.0
007 - FİZİKSEL TANIM SABİT ALAN - GENEL BİLGİ
Sabit uzunluklu kontrol alanı ta
008 - SABİT UZUNLUKTAKİ VERİ ÖGELERİ - GENEL BİLGİ
Sabit Alan 090428b2007 tu |||gr||||#||||0|tur |
020 ## - ISBN - ULUSLARARASI STANDART KİTAP NUMARASI
Isbn 9789752641075
040 ## - KATALOGLAMA KAYNAĞI
Özgün Kataloglama Kurumu TR-BiSEU
Kataloglama Dili tur
Çeviri Kurumu TR-BiSEU
Açıklama Kuralları rda
041 0# - DİL KODU
Metin ya da ses kaydının dil kodu tur
044 ## - YAYINLAYAN/ÜRETEN KURULUŞUN ÜLKE KODU
ISO country code tu
050 ## - SINIFLAMA ve YER NUMARASI
Sınıflama Numarası HV6432
Yer Numarası .A93 2007
100 1# - KİŞİ ADI
Yazar Adı (Kişi adı) Avcı, Gültekin.
245 1# - ESER ADI BİLDİRİMİ
Başlık Seçilmiş Terör= derin devlet - provakasyonlar: siyasi cinayetlerin perde arkası/
Sorumluluk Bildirimi Gültekin Avcı ; Gültekin Avcı.
264 #1 - ÜRERİM, YAYIN, DAĞITIM ve TELİF BİLDİRİMİ
Yayın yeri İstanbul :
Yayınlayan Birey Yayıncılık
Yayın tarihi 2007
300 ## - FİZİKSEL TANIMLAMA
Sayfa, Cilt vb. 384 sayfa
336 ## - İÇERİK TÜRÜ
Content type term metin
Content type code txt
Source rdacontent
337 ## - MEDYA TÜRÜ
Media type term aracısız
Media type code n
Source rdamedia
338 ## - TAŞIYICI TÜRÜ
Carrier type term cilt
Carrier type code nc
Source rdacarrier
490 1# - DİZİ BİLDİRİMİ
Dizi Bildirimi Birey Yayıncılık ;
Cilt Numarası 247.
650 #0 - KONU BAŞLIĞI EK GİRİŞ - KONU TERİMİ
Konusal terim veya coğrafi ad Terrorism--Turkey.
9 (RLIN) 6335
650 #0 - KONU BAŞLIĞI EK GİRİŞ - KONU TERİMİ
Konusal terim veya coğrafi ad Terörizm.
9 (RLIN) 6805
650 #0 - KONU BAŞLIĞI EK GİRİŞ - KONU TERİMİ
Konusal terim veya coğrafi ad Terörizm--Türkiye.
9 (RLIN) 6333
650 #0 - KONU BAŞLIĞI EK GİRİŞ - KONU TERİMİ
Konusal terim veya coğrafi ad Terrorism.
9 (RLIN) 8656
830 1# - SERİ EK GİRİŞİ - TEKBİÇİM ESER ADI
Tekbiçim Başlık Birey Yayıncılık ;
Volume number/sequential designation 247.
9 (RLIN) 7043
942 ## - EK GİRİŞ ÖGELERİ (KOHA)
Source of classification or shelving scheme Library of Congress Classification
Koha item type Book
Holdings
Materyal Türü Kalıcı Konum Mevcut Konum Raf Yeri Sınıflandırma Kaynağı Edinim Bilgisi Ana Konular Alt Konular Yer Numarası Demirbaş Numarası Fatura Tarihi Maliyet, Alış Fiyatı Maliyet, Yenileme Fiyatı Geri Çekilme Durumu Kayıp Durumu Hasarlı Durumu Kredi için değil Kayıt Tarih Toplam Ödünçverme Son Görülme Tarihi Son Kontrol Tarihi Genel / Bağış Notu
Book Prof. Dr. Azmi Özcan Kütüphanesi Prof. Dr. Azmi Özcan Kütüphanesi Uluğbey Salonu Library of Congress Classification Bağış SOSYAL BİLİMLER Sosyal Patoloji, Sosyal ve Kamu Refahı, Kriminoloji HV6432 .A93 2007 0004306 13/08/2010 15.00 15.00         28/04/2009 6 05/12/2024 05/12/2024 Mustafa Serin, İdari Personel